| 000 | 01415cam a22003737a 4500 | ||
|---|---|---|---|
| 003 | CHAP | ||
| 005 | 20220329142001.0 | ||
| 008 | 981106d1998 mx a r 00110 spa d | ||
| 010 | _a76641 | ||
| 011 | _a77613 | ||
| 035 | _a87222 | ||
| 040 | _cCHAP | ||
| 090 | _aTesis | ||
| 100 | 0 | 0 |
_aPérez Camacho, Ignacio. _989555 |
| 245 | 1 | 0 |
_aAplicación de ácido giberélico y thidiazuron en alcatraz (Zantedeschia elliottiana), para incrementar flores, bajo invernadero _c/por Ignacio Pérez Camacho |
| 260 |
_aChapingo, Méx. : _bEl autor, _c1998. |
||
| 300 |
_a71 h. : _bilus. ; gráfs. ; cuadros |
||
| 502 | _aTesis (Ing. Agr. Esp. en Fitotecnia) -- UACH. Departamento de Fitotecnia | ||
| 590 |
_aALEPH _b10 _c20130110 _lUCH01 _h1426 |
||
| 590 |
_aBATCH-UPD _b10 _c20130110 _lUCH01 _h1123 |
||
| 590 |
_aBATCH-UPD _b10 _c20130410 _lUCH01 _h0712 |
||
| 590 |
_aBATCH-UPD _b10 _c20130913 _lUCH01 _h2351 |
||
| 590 |
_aCONVERSION _b10 _c20130109 _lUCH01 _h1342 |
||
| 650 | 1 | 4 |
_aAcido giberelico _xEfecto en plantas. _9587 |
| 650 | 1 | 4 |
_aAlcatraz _xFloración. _93586 |
| 650 | 1 | 4 |
_aCultivos en invernadero. _930376 |
| 650 | 1 | 4 |
_aPlantas _xCrecimiento _xAditivos. _988804 |
| 901 | _aBK | ||
| 905 | _aMa. del Socorro Iturbe C. | ||
| 942 | _cFOLL | ||
| 949 |
_bBC _cTES _d33724000706578 _eTS2 _fc.2 _h33174 _i87222 _si |
||
| 949 |
_bBC _cTES _d33724002062280 _eTS2 _fc.3 _h33175 _i87222 _si |
||
| 949 |
_bBC _cTES _d872221 _eTS1 _h33173 _i87222 _sb |
||
| 999 |
_c76641 _d76641 |
||